Acronyme club de foot - Statistiques

Statistiques générales
  • Ce quiz a été pris 865 fois
  • Le résultat moyen est 3 sur 12
Statistiques - réponses
Acronyme Divison Signification % Correct
PSG Ligue 1 Paris Saint Germain
100%
OL Ligue 1 Olympique Lyonnais
83%
ASSE Ligue 1 Association Sportive de Saint-Etienne
25%
MHCS Ligue 1 Montpellier Hérault Sport Club
21%
DFCO Ligue 2 Dijon Football Côte-d'Or
12%
ASMFC Ligue 1 L'Association sportive de Monaco Football Club
12%
AJA Ligue 2 Association de la Jeunesse Auxerroise
9%
OGCN Ligue 1 L'Olympique Gymnaste Club Nice
7%
SCOA Ligue 1 Angers Sporting Club de l'Ouest
3%
ACA Ligue 2 L'Athletic Club Ajaccien
3%
ESTAC Ligue 1 Espérance Sportive Troyes Aube Champagne
2%
USLD Ligue 2 Union Sportive du Littoral de Dunkerque
1%
Aucun quiz correspondant
Distribution des résultats
% des personnes avec chaque résultat
Percentile par nombre de réponses
Votre historique - résultats
Vous n’avez pas pris ce quiz